2018 FIFA World Cup Knockout Stage - Statistics

General Stats
  • This quiz has been taken 4,363 times
  • The average score is 14 of 16
Answers on the Map
Answers color-coded by a green-red scale on the quiz's map according to % correct below.
 
Answer Stats
Nation % Correct
France
99%
Croatia
97%
Argentina
95%
Belgium
95%
England
95%
Brazil
92%
Spain
91%
Russia
90%
Portugal
88%
Uruguay
83%
Japan
82%
Colombia
75%
Mexico
75%
Sweden
74%
Denmark
72%
Switzerland
66%
No matching quizzes found
Score Distribution
Percent of People with Each Score
Percentile by Number Answered
Your Score History
You have not taken this quiz